The Saka Language and Sanskrit (Record no. 1688379)
[ view plain ]
| 000 -LEADER | |
|---|---|
| fixed length control field | 00301 a2200121 4500 |
| 000 - LEADER | |
| fixed length control field | nam a22 7a 4500 |
| 005 - DATE AND TIME OF LATEST TRANSACTION | |
| control field | 20260302122654.0 |
| 020 ## - INTERNATIONAL STANDARD BOOK NUMBER | |
| International Standard Book Number | 9788198236821 |
| 100 ## - MAIN ENTRY--PERSONAL NAME | |
| Personal name | Subhash Kak |
| 9 (RLIN) | 1123473 |
| 245 ## - TITLE STATEMENT | |
| Title | The Saka Language and Sanskrit |
| 260 ## - PUBLICATION, DISTRIBUTION, ETC. | |
| Name of publisher, distributor, etc. | Aditya Prakashan |
| Date of publication, distribution, etc. | 2023 |
| 942 ## - ADDED ENTRY ELEMENTS (KOHA) | |
| Koha item type | Textual |
| Withdrawn status | Lost status | Source of classification or shelving scheme | Damaged status | Not for loan | Home library | Current library | Date acquired | Source of acquisition | Cost, normal purchase price | Inventory number | Total Checkouts | Barcode | Date last seen | Cost, replacement price | Price effective from | Koha item type |
|---|---|---|---|---|---|---|---|---|---|---|---|---|---|---|---|---|
| Colon Classification (CC) | Ordered | South Campus Library | South Campus Library | 2026-03-02 | 44 | 796.00 | 6987 & 11-12-2025 | SC1809073 | 2026-03-02 | 995.00 | 2026-03-02 | Textual |
